00621nam a2200217 i 4500001001100000003000500011005001700016008004100033020004100074040002500115082001600140082001700156100002800173245003700201264005400238300002400292336002100316337002500337338002300362650001800385C2-0155260PPAK20250723110126.0980405s1996 my g | 0 f may d a9836249478a9789836249470qpaperback aPPAKbengcPPAKerda04223a899.23304223a899.23330 aAzmah Nordin, eauthor.10aMENONGKAH LUMRAH /cAZMAH NORDIN 1aKuala Lumpur : bDewan Bahasa dan Pustaka, c1996 a244 pages ; c21 cm 2rdacontentatext 2rdamediaaunmediated 2rdacarrieravolume10aMalay fiction